Statistiques concernant Plus grands sportifs par sport

Cliquez ici pour prendre le quiz!

Statistiques générales

  • Ce quiz a été pris 8 771 fois
  • Le résultat moyen est 10 sur 15

Statistiques - réponses

SportJoueur% Correct
FootballPele, Cristiano Ronaldo, Leo Messi
99%
TennisRafael Nadal, Roger Federer, Novac Djokovic
97%
BasketballLeBron James, Michael Jordan
96%
Formule 1Lewis Hamilton, Michael Schumacher
92%
100m, 200m, 400mUsain Bolt, Wayde van Niekerk
88%
NatationMichael Phelps, Laure Manaudou
81%
HandballThierry Omeyer, Nikola Karabatic, Mikkel Hansen
79%
BiathlonMartin Fourcade, Ole Einar Bjorndalen
73%
Saut à la percheArmand Duplantis, Renaud Lavillenie
68%
WRCSébastien Loeb, Sébastien Ogier
64%
Football américainTom Brady
51%
RugbyJonah Lomu, Dan Carter
46%
CyclismeBernard Hinault, Eddy Merckx
41%
MarathonEliud Kipchoge
26%
BaseballBabe Ruth
8%

Distribution des résultats

Percentile par nombre de réponses

% des personnes avec chaque résultat

Votre développement - résultats

Vous n’avez pas pris ce quiz